000 00296nam a22001337a 4500
008 170609b xxu||||| |||| 00| 0 eng d
020 _a9780226264219
041 _aeng
080 _a94(100)
100 _a18
101 _aSHH
245 _aCAPITALISM AND FREEDOM
_cFRIEDMAN,M
942 _2udc
_cBK
999 _c16742
_d16742